La Somme Théologique de Saint Thomas latin-francais en regard, avec des notes theologiques, historiques et philologiques

Wedi'i Gadw mewn:
Manylion Llyfryddiaeth
Prif Awdur: Drioux, Claude-Joseph (Awdur)
Fformat: Llyfr
Iaith:Ffrangeg
Lladin
Cyhoeddwyd: París D'Eugene Belin 1855
Rhifyn:1a. ed
Pynciau:
Tagiau: Ychwanegu Tag
Dim Tagiau, Byddwch y cyntaf i dagio'r cofnod hwn!

MARC

LEADER 00000cam a2200000 a 4500
001 UCD3530
003 CL-VaPUC
008 160609e18550000fr |||||||||||||||||fre|d
041 0 7 |a fre  |2 CL-VaPUC 
041 0 7 |a lat  |2 CL-VaPUC 
082 0 4 |a 189.4  |b DRI  |2 21 
100 0 |a Drioux, Claude-Joseph  |e author  |9 587044 
245 1 3 |a La Somme Théologique de Saint Thomas latin-francais en regard, avec des notes theologiques, historiques et philologiques 
250 |a 1a. ed 
300 |a t 
942 |c BK 
945 |d 20160609 22:21:00  |a dcastane 
260 |a París  |b D'Eugene Belin  |c 1855 
600 0 |a Tomás de Aquino  |d 1220-1274  |c Santo  |9 255832 
650 0 |a Escolasticismo  |9 264998 
650 0 |a Tomismo  |9 259214 
650 0 |a Filosofía medieval  |9 256245 
583 |a last modification  |c 20160609 22:21:00  |k Rodrigo Vera 
999 |c 364566  |d 364564 
952 |0 0  |1 0  |3 erd  |4 0  |6 189_400000000000000_DRI_1855  |7 0  |8 X  |9 477950  |a BIBTEO  |b BIBTEO  |c TEO_FFR  |h t.1  |i 5237289  |o 189.4 DRI 1855  |p 5237289  |r 2024-01-18  |w 2019-11-24  |y BK_X  |z Catalogado en:20160609  |k OFM 
952 |0 0  |1 0  |3 erd  |4 0  |6 189_400000000000000_DRI_1855  |7 0  |8 X  |9 477951  |a BIBTEO  |b BIBTEO  |c TEO_FFR  |h t.2  |i 5237297  |o 189.4 DRI 1855  |p 5237297  |r 2024-01-18  |w 2019-11-24  |y BK_X  |z Catalogado en:20160609  |k OFM 
952 |0 0  |1 0  |3 erd  |4 0  |6 189_400000000000000_DRI_1855  |7 0  |8 X  |9 477952  |a BIBTEO  |b BIBTEO  |c TEO_FFR  |h t.3  |i 5237300  |o 189.4 DRI 1855  |p 5237300  |r 2024-01-18  |w 2019-11-24  |y BK_X  |z Catalogado en:20160609  |k OFM 
952 |0 0  |1 0  |3 erd  |4 0  |6 189_400000000000000_DRI_1855  |7 0  |8 X  |9 477953  |a BIBTEO  |b BIBTEO  |c TEO_FFR  |h t.4  |i 5237319  |o 189.4 DRI 1855  |p 5237319  |r 2024-01-18  |w 2019-11-24  |y BK_X  |z Catalogado en:20160609  |k OFM 
952 |0 0  |1 0  |3 erd  |4 0  |6 189_400000000000000_DRI_1855  |7 0  |8 X  |9 477954  |a BIBTEO  |b BIBTEO  |c TEO_FFR  |h t.5  |i 5237327  |o 189.4 DRI 1855  |p 5237327  |r 2024-01-18  |w 2019-11-24  |y BK_X  |z Catalogado en:20160609  |k OFM 
952 |0 0  |1 0  |3 erd  |4 0  |6 189_400000000000000_DRI_1855  |7 0  |8 X  |9 477955  |a BIBTEO  |b BIBTEO  |c TEO_FFR  |h t.6  |i 5237335  |o 189.4 DRI 1855  |p 5237335  |r 2024-01-18  |w 2019-11-24  |y BK_X  |z Catalogado en:20160609  |k OFM 
952 |0 0  |1 0  |3 erd  |4 0  |6 189_400000000000000_DRI_1855  |7 0  |8 X  |9 477956  |a BIBTEO  |b BIBTEO  |c TEO_FFR  |h t.7  |i 5237343  |o 189.4 DRI 1855  |p 5237343  |r 2024-01-18  |w 2019-11-24  |y BK_X  |z Catalogado en:20160609  |k OFM 
952 |0 0  |1 0  |3 erd  |4 0  |6 189_400000000000000_DRI_1855  |7 0  |8 X  |9 477957  |a BIBTEO  |b BIBTEO  |c TEO_FFR  |h t.8  |i 5237351  |o 189.4 DRI 1855  |p 5237351  |r 2024-01-18  |w 2019-11-24  |y BK_X  |z Catalogado en:20160609  |k OFM 
952 |0 0  |1 0  |3 erd  |4 0  |6 189_400000000000000_DRI_1855  |7 0  |8 X  |9 477958  |a BIBTEO  |b BIBTEO  |c TEO_FFR  |h t.9  |i 523736K  |o 189.4 DRI 1855  |p 523736K  |r 2024-01-18  |w 2019-11-24  |y BK_X  |z Catalogado en:20160609  |k OFM 
952 |0 0  |1 0  |3 erd  |4 0  |6 189_400000000000000_DRI_1855  |7 0  |8 X  |9 477959  |a BIBTEO  |b BIBTEO  |c TEO_FFR  |h t.10  |i 5237378  |o 189.4 DRI 1855  |p 5237378  |r 2024-01-18  |w 2019-11-24  |y BK_X  |z Catalogado en:20160609  |k OFM 
952 |0 0  |1 0  |3 erd  |4 0  |6 189_400000000000000_DRI_1855  |7 0  |8 X  |9 477960  |a BIBTEO  |b BIBTEO  |c TEO_FFR  |h t.11  |i 5237386  |o 189.4 DRI 1855  |p 5237386  |r 2024-01-18  |w 2019-11-24  |y BK_X  |z Catalogado en:20160609  |k OFM 
952 |0 0  |1 0  |3 erd  |4 0  |6 189_400000000000000_DRI_1855  |7 0  |8 X  |9 477961  |a BIBTEO  |b BIBTEO  |c TEO_FFR  |h t.12  |i 5237394  |o 189.4 DRI 1855  |p 5237394  |r 2024-01-18  |w 2019-11-24  |y BK_X  |z Catalogado en:20160609  |k OFM 
952 |0 0  |1 0  |3 erd  |4 0  |6 189_400000000000000_DRI_1855  |7 0  |8 X  |9 477962  |a BIBTEO  |b BIBTEO  |c TEO_FFR  |h t.13  |i 5237408  |o 189.4 DRI 1855  |p 5237408  |r 2024-01-18  |w 2019-11-24  |y BK_X  |z Catalogado en:20160609  |k OFM 
952 |0 0  |1 0  |3 erd  |4 0  |6 189_400000000000000_DRI_1855  |7 0  |8 X  |9 477963  |a BIBTEO  |b BIBTEO  |c TEO_FFR  |h t.14  |i 5237416  |o 189.4 DRI 1855  |p 5237416  |r 2024-01-18  |w 2019-11-24  |y BK_X  |z Catalogado en:20160609  |k OFM 
952 |0 0  |1 0  |3 erd  |4 0  |6 189_400000000000000_DRI_1855  |7 0  |8 X  |9 477964  |a BIBTEO  |b BIBTEO  |c TEO_FFR  |h t.15  |i 5237424  |o 189.4 DRI 1855  |p 5237424  |r 2024-01-18  |w 2019-11-24  |y BK_X  |z Catalogado en:20160609  |k OFM